000 00366nam a2200169Ia 4500
003 0STCL
008 150530s9999 xx 000 0 und d
040 _aSTCL
_cSTCL
100 _aChesterton, G.K.
245 _aThing
250 _aFirst
260 _bSheed and ward
_c1939
546 _aEnglish
942 _2ddc
_cBK
999 _c60990
_d60990
005 20220125171144.0